[Event "Schaffhausen op"]
[Site "Schaffhausen"]
[Date "2024.01.13"]
[Round "3"]
[White "Belezky, Alexander"]
[Black "Cervelli, Eduard"]
[Result "1-0"]
[WhiteElo "2295"]
[BlackElo "1862"]
[PlyCount "63"]
[EventDate "2024.01.12"]
[EventType "swiss"]
[EventRounds "5"]
[EventCountry "SUI"]
[SourceTitle "CB04_2024"]
[SourceDate "2023.10.16"]
[SourceVersion "1"]
[SourceVersionDate "2023.10.16"]
[SourceQuality "1"]

1. Nf3 Nf6 2. g3 g6 3. b3 Bg7 4. Bb2 c5 5. c4 0-0 6. Bg2 Nc6 7. Qc1 d6 8. 0-0 Bg4 9. Re1 Qd7 10. Na3 Rad8 11. Nc2 Rfe8 12. Ne3 Bh3 13. Bh1 h6 14. d4 cxd4 15. Nxd4 Ng4 16. Ndc2 Nce5 17. Nxg4 Bxg4 18. Bd4 Rc8 19. Qb2 Bf8 20. Rad1 Nc6 21. Bc3 Rc7 22. Ne3 Be6 23. c5 Qc8 24. cxd6 exd6 25. Bf6 Nb4 26. Rc1 Rc6 27. Qd2 d5 28. Ba1 Be7 29. a3 Na6 30. Nxd5 Bxd5 31. Qd4 Rxc1 32. Qh8# 1-0

[Event "Adelboden Swiss Alpine op"]
[Site "Adelboden"]
[Date "2023.11.25"]
[Round "3"]
[White "Cervelli, Eduard"]
[Black "Cattomio, Roberto"]
[Result "1-0"]
[WhiteElo "1753"]
[BlackElo "1519"]
[PlyCount "33"]
[EventDate "2023.11.24"]
[EventType "swiss"]
[EventRounds "5"]
[EventCountry "SUI"]
[SourceTitle "CB50_2023"]
[SourceDate "2023.12.13"]
[SourceVersion "1"]
[SourceVersionDate "2023.12.13"]
[SourceQuality "1"]

1. e4 e5 2. Nf3 Nc6 3. Bc4 Nf6 4. d3 g6 5. Ng5 d5 6. exd5 Na5 7. Nc3 Bc5 8. Nge4 Bd4 9. Bg5 Nxc4 10. Nxf6+ Qxf6 11. Bxf6 Nxb2 12. Qd2 Rg8 13. Rb1 Nxd3+ 14. Qxd3 Bf5 15. Qb5+ c6 16. Qxb7 Rc8 17. Qe7# 1-0

[Event "Wohlen op 4th"]
[Site "Wohlen"]
[Date "2023.08.26"]
[Round "3"]
[White "Berger, Guillaume"]
[Black "Cervelli, Eduard"]
[Result "0-1"]
[WhiteElo "1835"]
[BlackElo "1643"]
[PlyCount "68"]
[EventDate "2023.08.25"]
[EventType "swiss"]
[EventRounds "5"]
[EventCountry "SUI"]
[SourceTitle "EXT 2024"]
[Source "ChessBase"]
[SourceDate "2023.10.10"]
[SourceVersion "1"]
[SourceVersionDate "2023.10.10"]
[SourceQuality "1"]

1. c4 Nf6 2. Nc3 g6 3. g3 Bg7 4. Bg2 0-0 5. Nf3 d6 6. d4 Nbd7 7. 0-0 e5 8. Bg5 c6 9. dxe5 dxe5 10. e4 h6 11. Bxf6 Qxf6 12. Qe2 a5 13. Rfd1 Nc5 14. Qe3 Qe7 15. b3 f5 16. Nh4 Rf6 17. exf5 gxf5 18. Ne2 Be6 19. Rab1 Nd7 20. f4 e4 21. Bf1 Nc5 22. Nd4 Rd8 23. Nxe6 Nxe6 24. Bh3 Rxd1+ 25. Rxd1 Qf7 26. Kf1 Bf8 27. Qd2 Bb4 28. Qd7 Qh5 29. Bxf5 Nf8 30. Bg4 Qe5 31. Nf5 Nxd7 32. fxe5 Nxe5 33. Rd8+ Kf7 34. Ke2 Nxg4 0-1